|
|
|
|
| LEADER |
00000nam0a2200000 4500 |
| 001 |
244873 |
| 005 |
20231101232104.0 |
| 010 |
|
|
|a 9785222213889
|
| 010 |
|
|
|a 5-7651-0076-7
|
| 035 |
|
|
|a (RuTPU)RU\TPU\book\266268
|
| 090 |
|
|
|a 244873
|
| 100 |
|
|
|a 20131030d2013 m y0rusy50 ca
|
| 101 |
0 |
|
|a rus
|a ger
|
| 102 |
|
|
|a RU
|
| 105 |
|
|
|a y j 000zy
|
| 200 |
1 |
|
|a Эффективный курс немецкого языка
|e учебное пособие
|f О. В. Ефросинина
|
| 210 |
|
|
|a Ростов-на-Дону
|c Феникс
|a Москва
|c ГЛОССА-ПРЕСС
|d 2013
|
| 215 |
|
|
|a 224 с.
|
| 225 |
1 |
|
|a Высшее образование
|
| 330 |
|
|
|a Учебник предназначен для обучения студентов неязыковых вузов и колледжей гуманитарного профиля базовому курсу немецкого языка в соответствии со стандартом высшего профессионального образования и с учетом современной методики обучения иностранным языкам. Учебник разработан на основе аутентичных материалов, построен по принципу комплексного обучения основным видам речевой деятельности (чтению, письму, говорению) и включает базовую грамматику и лексику по основным темам повседневного общения. Основная цель курса - формирование знаний, умений и навыков, необходимых для дальнейшего изучения немецкого языка в соответствии с профессиональной подготовкой студентов. Материалы, использованные в учебнике, прошли многолетнее апробирование при обучении студентов специального вуза.
|
| 606 |
1 |
|
|a Немецкий язык
|x Учебные руководства и пособия для вузов
|2 stltpush
|3 (RuTPU)RU\TPU\subj\45394
|9 64636
|
| 610 |
1 |
|
|a лексика
|
| 610 |
1 |
|
|a грамматика
|
| 610 |
1 |
|
|a разговорная речь
|
| 610 |
1 |
|
|a упражнения
|
| 686 |
|
|
|a Ш143.24-923
|v LBC/SL-A
|2 rubbk
|
| 700 |
|
1 |
|a Ефросинина
|b О. В.
|g Ольга Владимировна
|
| 801 |
|
1 |
|a RU
|b 63413507
|c 20131030
|
| 801 |
|
2 |
|a RU
|b 63413507
|c 20161201
|g RCR
|
| 900 |
|
|
|a Иностранный язык
|
| 900 |
|
|
|a Немецкий язык
|
| 942 |
|
|
|c BK
|
| 959 |
|
|
|a 141/20131029
|d 1
|e 376,65
|f ЧЗИЛ:1
|